000 00555nam a2200181Ia 4500
003 GCL
008 140319s9999 xx 000 0 ara d
040 _aGCL /
_cGCL
082 0 4 _a956.905
_bل ث
100 1 _aليوتى، بيير
245 1 0 _aالثورات الجديدة للشرق الادنى /
_cليوتى، بيير
300 _a91 ص
490 _aكتب مترجمة
_v0
650 0 4 _aالعالم العربى
650 0 4 _aالاحوال السياسية
650 0 4 _aالنزاع العربى الاسرائيلى
942 _2ddc
_cBK
999 _c46851
_d46851